00498nam a2200169Ia 450000500170000000800410001708200130005810000180007124500410008926000370013030000200016765000110018765000100019894200060020895200990021499900150031320250405152913.0240331s9999 xx 000 0 und d bTAMa894 aTamilnavan, E 0aPuradchipavalarum penn viduthalaiyum aChennaibAmbal Pathippagamc1993 axxxii, 320 p ., aEssays aPoems cL 001040708LaWERCLbWERCLcSSCd2024-03-31l0o 894.811 TAMp3683r2024-03-31w2024-03-31yL c3813d3813